| 000 | 00527cam a2200193 4500 | ||
|---|---|---|---|
| 008 | 020418n2002 000 0 eng u | ||
| 020 | _a0632057467 | ||
| 035 | _a(Sirsi) u117564 | ||
| 100 | _aAouad, G. | ||
| 245 | _aConstruction project information : modelling, management and integration | ||
| 260 |
_aOxford _bBlackwell Science _c2002 |
||
| 350 | _a49.50 | ||
| 520 | _aPublication abandoned May 2002. | ||
| 700 | _aTah, J. | ||
| 700 | _aAlshawi, M. | ||
| 700 | _aUnderwood, J. | ||
| 700 | _aFraj, I. | ||
| 942 | _n0 | ||
| 999 |
_c102025 _d102025 |
||